[Event "HUN-chT2 Maroczy 0405"]
[Site "Hungary"]
[Date "2004.09.26"]
[Round "1"]
[White "Forras, Csaba"]
[Black "Lantos, Attila"]
[Result "1/2-1/2"]
[WhiteElo "2183"]
[BlackElo "2010"]
[PlyCount "117"]
[EventDate "2004.09.26"]
[EventType "team"]
[EventRounds "11"]
[EventCountry "HUN"]
[SourceTitle "EXT 2008"]
[Source "ChessBase"]
[SourceDate "2007.11.25"]
[SourceVersion "1"]
[SourceVersionDate "2007.11.25"]
[SourceQuality "1"]
[WhiteTeam "Vizugy"]
[BlackTeam "Penzugyor"]
[WhiteTeamCountry "HUN"]
[BlackTeamCountry "HUN"]

1. e4 c5 2. d4 cxd4 3. c3 d5 4. exd5 Qxd5 5. cxd4 Nc6 6. Nf3 e5 7. Nc3 Bb4 8. Bd2 Bxc3 9. Bxc3 exd4 10. Nxd4 Nxd4 11. Qxd4 Qxd4 12. Bxd4 Nf6 13. Bxf6 gxf6 14. Bb5+ Kf8 15. Rc1 Kg7 16. 0-0 a6 17. Be2 Be6 18. Bf3 Bxa2 19. Bxb7 Rab8 20. Rc7 Rhd8 21. h3 Rd6 22. Ra1 Be6 23. b4 Rb6 24. Bxa6 Rxb4 25. Ra3 Rb3 26. Rc3 Rxa3 27. Rxa3 f5 28. Be2 Rb1+ 29. Kh2 Rb2 30. Re3 Kf6 31. Kg3 Kg5 32. f4+ Kf6 33. Bf3 Rb4 34. Ra3 Kg6 35. Bd1 Rd4 36. Bf3 Rb4 37. Rc3 h6 38. Rc2 h5 39. Rd2 h4+ 40. Kxh4 Rxf4+ 41. Kg3 Rb4 42. Rd8 Kg7 43. Kf2 Rh4 44. Ke3 Kf6 45. Rg8 Ke5 46. Kf2 Rh6 47. Ke3 Rh4 48. Rg5 Kf6 49. Rh5 Rxh5 50. Bxh5 Kg5 51. Bf3 f4+ 52. Ke4 Bf5+ 53. Ke5 f6+ 54. Kd6 Kh4 55. Ke7 Bxh3 56. gxh3 Kxh3 57. Kxf6 Kg3 58. Bc6 f3 59. Bxf3 1/2-1/2

[Event "HUN-chT2 Charousek 0304"]
[Site "Hungary"]
[Date "2003.11.30"]
[Round "4"]
[White "Boronyak, Arpad"]
[Black "Forras, Csaba"]
[Result "1-0"]
[WhiteElo "2266"]
[BlackElo "2270"]
[PlyCount "67"]
[EventDate "2003.09.28"]
[EventType "team"]
[EventRounds "11"]
[EventCountry "HUN"]
[SourceTitle "EXT 2005"]
[Source "ChessBase"]
[SourceDate "2004.11.15"]
[SourceVersion "1"]
[SourceVersionDate "2004.11.15"]
[SourceQuality "1"]

1. e4 Nc6 2. Nc3 e5 3. Nf3 Nf6 4. d4 Bb4 5. d5 Nb8 6. Bd3 d6 7. h3 Bxc3+ 8. bxc3 h6 9. 0-0 Nbd7 10. Be3 b6 11. Nd2 g5 12. Bb5 Ke7 13. Kh2 Nf8 14. g3 Bd7 15. Qe2 Bxb5 16. Qxb5 Qd7 17. Qd3 N6h7 18. f4 f6 19. fxe5 fxe5 20. Nc4 Ng6 21. Bd2 Raf8 22. Ne3 Nf6 23. Nf5+ Kd8 24. a4 a5 25. c4 Ne7 26. c5 Nxf5 27. c6 Qc8 28. Rxf5 Nxe4 29. Rxf8+ Rxf8 30. Qxe4 Rf2+ 31. Kg1 Rxd2 32. Qf3 Ke7 33. Rf1 Qg8 34. Qf5 1-0

[Event "HUN-chT3 0102"]
[Site "Hungary"]
[Date "2001.12.02"]
[Round "4.2"]
[White "Forras, Csaba"]
[Black "Bereczki, Janos"]
[Result "0-1"]
[WhiteElo "2270"]
[BlackElo "2158"]
[PlyCount "78"]
[EventDate "2001.09.30"]
[EventType "team"]
[EventRounds "11"]
[EventCountry "HUN"]
[SourceTitle "EXT 2004"]
[Source "ChessBase"]
[SourceDate "2003.11.25"]
[SourceVersion "1"]
[SourceVersionDate "2003.11.25"]
[SourceQuality "1"]

1. e4 e6 2. Nc3 d5 3. Nf3 Nf6 4. e5 Nfd7 5. d4 c5 6. dxc5 Nc6 7. Bf4 a6 8. Bd3 Nxc5 9. 0-0 Be7 10. a3 0-0 11. b4 Nxd3 12. cxd3 b5 13. d4 Bd7 14. Qd3 f5 15. exf6 Bxf6 16. Bd6 Be7 17. Bg3 Qb6 18. Rfe1 Bf6 19. Rad1 Rac8 20. Ne2 a5 21. Bd6 Nxb4 22. Bxb4 axb4 23. axb4 Rc4 24. Rb1 Qd6 25. Qd2 Rfc8 26. Rec1 Be8 27. Nf4 Bf7 28. Nd3 Bg6 29. Nde5 Bxb1 30. Nxc4 dxc4 31. Rxb1 Rd8 32. Rd1 e5 33. dxe5 Qxd2 34. Rxd2 Rxd2 35. Nxd2 Bxe5 36. Nb1 Bb2 37. Kf1 c3 38. Nd2 cxd2 39. Ke2 Bc3 0-1

[Event "HUN-chT3 0102"]
[Site "Hungary"]
[Date "2001.11.18"]
[Round "3.1"]
[White "Szekely, Csaba"]
[Black "Forras, Csaba"]
[Result "1-0"]
[WhiteElo "2255"]
[BlackElo "2270"]
[PlyCount "109"]
[EventDate "2001.09.30"]
[EventType "team"]
[EventRounds "11"]
[EventCountry "HUN"]
[SourceTitle "EXT 2004"]
[Source "ChessBase"]
[SourceDate "2003.11.25"]
[SourceVersion "1"]
[SourceVersionDate "2003.11.25"]
[SourceQuality "1"]

1. Nf3 d5 2. d4 Nf6 3. c4 c6 4. Nc3 Bf5 5. Bg5 e6 6. cxd5 exd5 7. e3 Be7 8. Bxf6 Bxf6 9. Bd3 Bg6 10. Bxg6 hxg6 11. 0-0 Nd7 12. e4 dxe4 13. Nxe4 Nb6 14. Nc5 Qc7 15. Re1+ Kf8 16. Ne5 Kg8 17. g3 Rd8 18. Qb3 Rd5 19. f4 Bxe5 20. fxe5 Qe7 21. Re4 Kh7 22. Rh4+ Kg8 23. Re4 Kh7 24. a4 Rhd8 25. Rd1 Rxc5 26. dxc5 Qxc5+ 27. Kg2 Rxd1 28. Qxd1 Nd5 29. Qd2 Qe7 30. Qe2 Qe6 31. h3 Ne7 32. Kh2 Kg8 33. Rd4 Nd5 34. Qg4 Qxg4 35. Rxg4 Kf8 36. Re4 Ke7 37. Kg2 Ke6 38. Kf3 Kf5 39. a5 b5 40. Re1 a6 41. Rc1 Nb4 42. Rc5 Ke6 43. h4 Kd7 44. Ke4 Ke6 45. Rc1 Kd7 46. Rd1+ Ke7 47. Kd4 Nc2+ 48. Kc5 Ne3 49. Rd4 Nf5 50. Rd3 Ke6 51. Kb6 Kxe5 52. Kxa6 Ke4 53. Rd7 Nxg3 54. Kb6 Nh5 55. Rxf7 1-0